000 00557nam a2200181Ia 4500
001 19818
005 20260306172720.0
008 260306t2013||||xx |||||||||||||| ||spa||
041 _aESP
082 _a341.1
_bR81
100 _aRomero Muñoz, Armando
_eAUT
245 0 _aLa relación entre la persona y el derecho en la iusfilosofía de Carlos Fernández Sessarego:
_bun balance a partir de las obras "El derecho como libertad" y "Derecho y persona"
260 _c2013
300 _a
_c
650 _aGEN
654 _aCDE
942 _cLIB
_dJUS
_fJUS
_2ddc
_n
999 _c19818
_d19818